Sejarah lengkap sirah Nabi Muhammad (S.A.W.)

Bibliographic Details
Main Author: CHALIL 1908-
Format: Book
Published: Puchong, Selangor : Darul Kitab , 1999
Subjects:

MARC

LEADER 00000cam a2200000 7i4500
001 0000001213
005 20140212.0
020 0 0 |a 9839494163 (v. 1); 9839494171 (v. 2); 983949418X (v. 3); 9839494198 (v. 4); 9839494201 (v. 5); 983949421X (v.6); 9839494228 (v. 7); 9839494236 (v. 8) 
090 0 0 |a 297.63   |b CHA 1999 
100 1 0 |a CHALIL   |h K. H. Moenawar   |c 1908- 
245 1 0 |a Sejarah lengkap sirah Nabi Muhammad (S.A.W.)   |c K. H. Moenawar Chalil 
260 0 0 |a Puchong, Selangor :   |b Darul Kitab ,   |c 1999 
300 |a v. p. ;   |c 25 cm. 
500 0 0 |a Includes verses from the Quran 
600 0 0 |a Mohamed, Prophet 
650 0 0 |a Islam   |x History 
650 0 0 |a Prophets 
998 |a JPSM 
999 |a 0000002083   |b Monograph   |c Open Shelf   |e Default branch